Flags of German States - Click Quiz - Statistics

General Stats
  • This quiz has been taken 120 times
  • The average score is 7 of 16
Answer Stats
Hint Answer % Correct
Bavaria
78%
Berlin
71%
Hamburg
57%
Brandenburg
45%
North Rhine-Westphalia
42%
Baden-Württemberg
41%
Bremen
39%
Mecklenburg-Vorpommern
39%
Lower Saxony
38%
Saxony-Anhalt
36%
Schleswig-Holstein
32%
Saarland
32%
Saxony
32%
Rhineland-Palatinate
29%
Thuringia
26%
Hesse
26%
No matching quizzes found
Score Distribution
Percent of People with Each Score
Percentile by Number Answered
Your Score History
You have not taken this quiz